000
00320nam a2200109Ia 4500
008
200302s9999 xx 000 0 und d
100
_a
Sharmin Khan
245
_a
History of Islamic Architecture Delhi sultanate, Mughal and Provincial Period
260
_b
C B S Publishers and Distributors
260
_c
2016
300
_a
160
999
_c
6385
_d
6385